| 000 | 00584pab a2200193 454500 | ||
|---|---|---|---|
| 008 | 180718b2013 xxu||||| |||| 00| 0 eng d | ||
| 100 | _aKathuria, Vinish | ||
| 245 | _aIInstitution of state - business relation and its impact on manufacturing productivity growth in India: A post - reform analysis | ||
| 260 | _c2013 | ||
| 300 | _ap.83-108. | ||
| 362 | _aMar | ||
| 650 | _aIndia - Manufacturing industries | ||
| 650 | _aManufacturing industry | ||
| 700 | _aSen, Kunal | ||
| 700 | _aRaj S.N., Rajesh | ||
| 773 | _aSouth Asia Economic Journal | ||
| 908 | _aN | ||
| 909 | _a98860 | ||
| 999 |
_c98859 _d98859 |
||